| 000 -LEADER |
| fixed length control field |
01007nam a22003257a 4500 |
| 001 - CONTROL NUMBER |
| control field |
2878518 |
| 003 - CONTROL NUMBER IDENTIFIER |
| control field |
OSt |
| 005 - DATE AND TIME OF LATEST TRANSACTION |
| control field |
20210426064422.0 |
| 008 - FIXED-LENGTH DATA ELEMENTS--GENERAL INFORMATION |
| fixed length control field |
860627s1987 nyua b 001 0 eng |
| 010 ## - LIBRARY OF CONGRESS CONTROL NUMBER |
| LC control number |
86014437 |
| 020 ## - INTERNATIONAL STANDARD BOOK NUMBER |
| International Standard Book Number |
0812916182 |
| 040 ## - CATALOGING SOURCE |
| Original cataloging agency |
DLC |
| Transcribing agency |
DLC |
| Modifying agency |
DLC |
| 050 00 - LIBRARY OF CONGRESS CALL NUMBER |
| Classification number |
R131 |
| Item number |
.W45 1987 |
| 080 ## - UNIVERSAL DECIMAL CLASSIFICATION NUMBER |
| Universal Decimal Classification number |
61(09) |
| Item number |
W-47 |
| 082 00 - DEWEY DECIMAL CLASSIFICATION NUMBER |
| Classification number |
610/.9 |
| Edition number |
19 |
| 100 1# - MAIN ENTRY--PERSONAL NAME |
| Personal name |
Weissmann, Gerald. |
| 245 10 - TITLE STATEMENT |
| Title |
They all laughed at Christopher Columbus : |
| Remainder of title |
tales of medicine and the art of discovery / |
| Statement of responsibility, etc. |
Gerald Weissmann. |
| 250 ## - EDITION STATEMENT |
| Edition statement |
1st ed. |
| 260 ## - PUBLICATION, DISTRIBUTION, ETC. |
| Place of publication, distribution, etc. |
New York : |
| Name of publisher, distributor, etc. |
Times Books, |
| Date of publication, distribution, etc. |
c1987. |
| 300 ## - PHYSICAL DESCRIPTION |
| Extent |
xvii, 270 p. : |
| Other physical details |
ill. ; |
| Dimensions |
22 cm. |
| 365 ## - TRADE PRICE |
| Price type code |
17.95 USD |
| 500 ## - GENERAL NOTE |
| General note |
Includes index. |
| 504 ## - BIBLIOGRAPHY, ETC. NOTE |
| Bibliography, etc. note |
Bibliography: p. 251-259. |
| 650 #0 - SUBJECT ADDED ENTRY--TOPICAL TERM |
| Topical term or geographic name entry element |
Medicine |
| General subdivision |
History. |
| 650 #0 - SUBJECT ADDED ENTRY--TOPICAL TERM |
| Topical term or geographic name entry element |
Creative ability in medicine |
| General subdivision |
History. |
| 650 #0 - SUBJECT ADDED ENTRY--TOPICAL TERM |
| Topical term or geographic name entry element |
Medical innovations |
| General subdivision |
History. |
| 653 ## - INDEX TERM--UNCONTROLLED |
| Uncontrolled term |
მედიცინის ისტორია |
| 906 ## - LOCAL DATA ELEMENT F, LDF (RLIN) |
| a |
7 |
| b |
cbc |
| c |
orignew |
| d |
1 |
| e |
ocip |
| f |
19 |
| g |
y-gencatlg |
| 942 ## - ADDED ENTRY ELEMENTS (KOHA) |
| Source of classification or shelving scheme |
|
| Koha item type |
Books |